01435nam a2200289 a 450000100060000000300080000600500170001400800410003103500190007203500190009104000270011004100080013708200250014510000410017024501320021126000650034330000790040850400290048750400220051650501980053865000210073674000650075794200120082299900170083495201490085195201450100026753BD-RjUL20211209051049.0140323r19511954enkfbcj 001 0 eng d a(BD-RjUL)26824 a(OCoLC)1284066 aDLCcCSUdBD-RjULbeng aeng00a940.18bRUH V-1 19541 aRunciman, Steven,d1903-2000.97606012aA history of the Crusades /cby Steven Runciman.nVolume I :pThe First Crusade and the foundation of the Kingdom of Jerusalem. aLondon :bCambridge University Press,c1951 [Reprinted1954]. axiii, 377 p. :bill., plates, ports., maps, fold. geneal. tables ;c22 cm. aIncludes bibliographies. aIncludes indices.0 aV. 1. The First Crusade and the foundation of the Kingdom of Jerusalem. -- v. 2. The Kingdom of Jerusalem and the Frankish East, 1100-1187. -- v. 3. The Kingdom of Acre, and the later Crusades. 0aCrusades.98221202aFirst Crusade and the foundation of the Kingdom of Jerusalem 2ddccBK c26753d26753 00102ddc40728NFICaRUCLbRUCLcReadingd1955-01-07eSimpkin Marshallg1.10l0o940.18 RUH V-1 1954r2014-03-23 00:00:00tC-1w2014-03-23yBK 00102ddc40708NFICaRUCLbRUCLcStackd1966-11-23eA. I. Qurashig20.10l0o940.18 RUH V-1 1953r2014-03-23 00:00:00tC-2w2014-03-23yBK